Statistiken für Liedtext - Auf die guten alten Zeiten - Dame

Klicken Sie hier um das Quiz zu spielen!

Allgemein

  • Dieses Quiz wurde 326 mal gespielt
  • Das Durchschnittsergebnis liegt bei 455 aus 707

Antwortstatistiken

Textquiz% Korrekt
Die
97%
die
97%
Z
96%
und
94%
Und
94%
Ich
93%
ich
93%
Da
92%
gut
92%
auf
89%
Auf
89%
Zeit
89%
das
86%
An
85%
an
85%
Der
85%
der
85%
du
85%
wie
85%
Wie
85%
wir
84%
alten
83%
Meine
83%
meine
83%
Zeiten
82%
ein
81%
guten
81%
am
80%
Am
80%
den
80%
noch
80%
sein
80%
Stark
79%
alles
78%
auch
78%
dann
78%
Ende
78%
Man
78%
man
78%
'ne
78%
Pan
78%
war
78%
wo
78%
Wo
78%
fliegen
77%
Fliegen
77%
Hulk
77%
kein
77%
Peter
77%
hab'
76%
Jugend
76%
nicht
76%
So
76%
so
76%
wird
76%
doch
75%
Doch
75%
mir
75%
ob
75%
schießen
75%
in
74%
In
74%
mich
74%
uns
74%
Helden
73%
meiner
73%
Duck
72%
Eine
71%
Lucky
71%
sind
71%
Als
69%
als
69%
jede
68%
Luke
68%
Serie
68%
sie
68%
Iron
67%
kenn'
67%
schöne
67%
finde
66%
Für
66%
Glotze
66%
keine
66%
mal
66%
denn
65%
Denn
65%
haben
65%
Traum
65%
es
64%
Es
64%
Fernsehen
64%
kann
64%
Kinder
64%
nur
64%
Programm
64%
unsre
64%
von
64%
zu
64%
90er
63%
dafür
63%
entspricht
63%
Prost
63%
will
63%
einem
62%
Robin
62%
zahl'
62%
frag'
61%
Frag
61%
Größte
61%
Hood
61%
Komm
61%
verpasst
61%
wollte
61%
Asterix
60%
oder
60%
bin
59%
Obelix
59%
Schwester
59%
sich
59%
Fan
58%
wieder
58%
diese
57%
euch
57%
mit
57%
schlechten
57%
stoßen
57%
war'n
57%
des
56%
ins
56%
Werbung
56%
Balu
55%
Filmen
55%
Im
55%
ist
55%
lief
55%
muss
55%
Popeye
55%
zwischen
55%
Chip
54%
deine
54%
einig
54%
große
54%
Käpt'n
54%
Mogli
54%
Nichts
54%
nichts
54%
schmeiß'
54%
Titelmelodie
54%
zeigen
54%
ging
53%
nie
53%
Schule
53%
vor
53%
dich
52%
Egal
52%
erleben
52%
Hoch
52%
lieben
52%
mochte
52%
Schöner
52%
verblödet
52%
einfach
51%
Sag
51%
sag'
51%
sicher
51%
viel
51%
Hanni
50%
Heidi
50%
heute
50%
Heute
50%
kommt
50%
of
50%
the
50%
zur
50%
Gesellschaft
49%
Nanni
49%
Parker
49%
Tag
49%
verließen
49%
Wald
49%
Abenteuer
48%
bestimmt
48%
Brain
48%
Bunny
48%
erinnert
48%
Fantasie
48%
Freundin
48%
geschlafen
48%
ihr
48%
mehr
48%
Mila
48%
Pause
48%
Spider-Man
48%
Tiere
48%
Tim
48%
um
48%
Alvin
47%
aus
47%
Disney's
47%
Ducks
47%
gibt
47%
Gummibärenbande
47%
Nacht
47%
Reich
47%
vergess'
47%
Biene
46%
Bugs
46%
erinnern
46%
Gläsern
46%
hat
46%
Illusionen
46%
Land
46%
läuft
46%
Mighty
46%
Mist
46%
Pinky
46%
schönen
46%
wach
46%
bei
45%
Bibi
45%
Blocksberg
45%
Chap
45%
Chipmunks
45%
DuckTales
45%
durch
45%
ganze
45%
Geheimnis
45%
geil
45%
Geschichten
45%
Glücksbärchis
45%
jedem
45%
lange
45%
laufen
45%
Looney
45%
Masters
45%
Rechts
45%
Ritter
45%
Simpsons
45%
sogar
45%
Träume
45%
Zauberer
45%
Maja
44%
nächsten
44%
Oz
44%
schnell
44%
spannend
44%
Universe
44%
unserer
44%
wohnen
44%
Batman
43%
davon
43%
deren
43%
gehört
43%
Gruft
43%
kannst
43%
ohne
43%
Pinocchio
43%
Raum
43%
Road
43%
Runner
43%
schweben
43%
Struppi
43%
Traumstein
43%
Tunes
43%
zum
43%
Alfred
42%
Arielle
42%
Bill
42%
Dorthin
42%
Family
42%
Kanal
42%
David
41%
denk'
41%
Guy
41%
He-Man
41%
Männer
41%
riesiger
41%
Speedy
41%
starken
41%
Wiederholung
41%
Witz
41%
Gonzales
40%
Welt
40%
Zorro
40%
Dame
39%
Dragonball
39%
echt
39%
Erst
39%
Ghostbusters
39%
GIS
39%
Mond
39%
Platz
39%
reisen
39%
Scooby-Doo
39%
Wunder
39%
blaue
38%
Blinky
38%
danach
38%
gefesselt
38%
Geister
38%
immer
38%
Kalifen
38%
Max
38%
Meistens
38%
Pumuckl
38%
allem
37%
daheim
37%
Feuerstein
37%
Fred
37%
gab's
37%
Gegenteil
37%
hatten
37%
Inspector
37%
Moritz
37%
Nils
37%
vergessen
37%
Danke
36%
Darkwing
36%
Gadget
36%
Jerry
36%
Together
36%
Tom
36%
Weiter
36%
bekämpfen
35%
damals
35%
Elise
35%
Flipper
35%
sicherlich
35%
wenn
35%
Wickie
35%
Böse
34%
Drawn
34%
Familie
34%
Hero
34%
nein
34%
Panther
34%
Pinke
34%
saß
34%
Timon
34%
Brüder
33%
Kabauter
33%
Moon
33%
Sailor
33%
Superman
33%
Turtles
33%
Calimero
32%
Dorothy
32%
Grinsen
32%
Style
32%
Biggie
31%
diesen
31%
fröhliche
31%
kleine
31%
Lopaka
31%
verändert
31%
brachte
30%
Holgersson
30%
Alter
29%
Ameise
29%
Feivel
29%
Lächeln
29%
schreib'
29%
Susi
29%
Track
29%
Kickers
28%
Benjamin
27%
Biber
27%
Blümchen
27%
bringt
27%
Kwak
27%
Mittlerweile
27%
Sancho
27%
Schlümpfe
27%
Willy
27%
Woody
27%
Garfield
26%
Genauso
26%
Barbapapas
25%
Strolchi
25%
Pippi
24%
Pumbaa
24%
Isnogud
23%
Pancho
23%
Ferdy
22%
Jodocus
22%
Priscilla
22%
Woodpecker
20%
Sheherazade
19%
Fog
18%
Sindbad
18%
Pengo
17%

Verteilung der Resultate

Perzentil nach korrekt beantworteten Fragen

Anzahl Personen mit jedem Resultat

Ihre Resultats-Entwicklung

Sie haben dieses Quiz noch nicht gespielt